[Moyens simples d'imiter les chaînes de montagnes sur un globe et les cirques volcaniques sur un plan, d'après le principe de la théorie des soulèvements / (Record no. 172232)

MARC details
000 -LEADER
campo de control de longitud fija 00707nam a22001575i 4500
001 - NÚMERO DE CONTROL
campo de control 172232
003 - IDENTIFICADOR DE NÚMERO DE CONTROL
campo de control ES-MaACL
005 - FECHA Y HORA DE LA ÚLTIMA TRANSACCIÓN
campo de control 20230906214839.0
008 - DATOS DE LONGITUD FIJA--INFORMACIÓN GENERAL
campo de control de longitud fija 090619s1878 fr |||| | fre d
100 1# - ENTRADA PRINCIPAL--NOMBRE DE PERSONA
Nombre de persona Beguyer de Chancourtois, Alexandre-Emile.
9 (RLIN) 27043
245 10 - MENCIÓN DEL TÍTULO
Título [Moyens simples d'imiter les chaînes de montagnes sur un globe et les cirques volcaniques sur un plan, d'après le principe de la théorie des soulèvements /
Mención de responsabilidad, etc. par M. B. de Chancourtois].
260 ## - PUBLICACIÓN, DISTRIBUCIÓN, ETC.
Lugar de publicación, distribución, etc. [S.l. :
Nombre del editor, distribuidor, etc. s.n.,
Fecha de publicación, distribución, etc. 1878?]
300 ## - DESCRIPCIÓN FÍSICA
Extensión [2 p., 2 h. de lám.] ;
Dimensiones 28 cm.
594 ## - Nota al título y mención de responsabilidad
Nota al título y mención de responsabilidad Título y autor tomado del principio del texto.
852 ## - LOCALIZACIÓN
Ubicación ES-MaACL
Número de control de estantería C-2612
Nota libre .- Legado Federico de Botella y de Hornos
condición física .- Ejemplar sin portada
Holdings
Estatus retirado Estado de pérdida Estado de daño No para préstamo Colección Biblioteca de origen Biblioteca actual Ubicación en estantería Fecha de adquisición Fuente de adquisición Total de préstamos Signatura topográfica completa Código de barras Visto por última vez Precio de reemplazo Tipo de ítem Koha
        Libros del s. XIX Biblioteca del Ateneo de Madrid Biblioteca del Ateneo de Madrid Sala Palomar 19/06/2009     C-2612 1180745 23/02/2023 23/02/2023 Libro impreso antiguo